| 000 | 02037nam a2200481Ii 4500 | ||
|---|---|---|---|
| 001 | DIGPUVAL0265 | ||
| 003 | NyNyDIG | ||
| 008 | 150801t20092009sp ob 000 0 spa d | ||
| 006 | m o d | ||
| 007 | cr ||||||||||| | ||
| 020 |
_a9788437082790 _q(eBook ; _qePub ; _qpdf) |
||
| 020 | _z9788437073217 | ||
| 020 | _z8437073219 | ||
| 035 | _a(OCoLC)991928726 | ||
| 040 |
_aDGITA _beng _erda _epn _cDGITA |
||
| 041 | 1 |
_aspa _hita |
|
| 050 | 1 | 4 | _aNK1149.5 eBook |
| 100 | 1 |
_aTrasforini, Maria Antonietta, _eauthor. |
|
| 240 | 1 | 0 |
_aNel segno delle artiste. _lSpanish |
| 245 | 1 | 0 |
_aBajo el signo de las artistas : _bmujeres, profesiones de arte y modernidad / _cMaria Antonietta Trasforini ; traducción M. Josep Cuenca. |
| 250 | _aEdición digital. | ||
| 264 | 1 |
_aValència : _bPublicacions de la Universitat de València, _c[2009] |
|
| 264 | 4 | _c©2009 | |
| 300 | _a1 online resource (228 pages) | ||
| 336 |
_atext _btxt _2rdacontent |
||
| 337 |
_acomputer _bc _2rdamedia |
||
| 338 |
_aonline resource _bcr _2rdacarrier |
||
| 490 | 1 |
_aEstética & crítica ; _v28 |
|
| 500 | _aTranslation of: Nel segno delle artiste. Donne, professioni d'arte e modernità. Bologna : Il mulino, 2007. | ||
| 504 | _aIncludes bibliographical references. | ||
| 588 | 0 | _aOnline resource; title from PDF and ePub title page (Digitalia, viewed July 8, 2015) | |
| 650 | 0 |
_aWomen artists _xHistory _y19th century. |
|
| 650 | 0 |
_aWomen artists _xHistory _y20th century. |
|
| 655 | 0 | _aElectronic books. | |
| 700 | 1 |
_aCuenca, María Josep, _etranslator. |
|
| 791 | 2 |
_aDigitalia (Firm), _edistributor. |
|
| 793 | 0 |
_gDigitalia eBook Collection: _aUniversitat de València. |
|
| 776 | 0 | 8 |
_iPrint version: _aTrasforini, Maria Antonietta. _tBajo el signo de las artistas. _dValència : Publicacions de la Universitat de València, [2009]. _z9788437073217 |
| 830 | 0 |
_aCol·lecció Estética & crítica ; _v28. |
|
| 856 | 4 | 0 |
_3Digitalia Hispánica _uhttps://www.digitaliapublishing.com/a/34772/ |
| 910 | _aPremium Collection: 2015 | ||
| 942 | _cRAA | ||
| 999 |
_c242594 _d242594 |
||